000 00663nam a22002537a 4500
003 UA-OsUOA
001 30207
007 ta
008 20041108b un ||||| |||| 00| 0 ukr d
100 _aДаневский В. П.
090 _a343.14
_bД17
942 _cBK
040 _aUA-OsUOA
_brus
_cUA-OsUOA
_dUA-OsUOA
245 _aНаше предварительное следствие его недостатки и реформа
300 _a142 с.
955 _a0
041 _arus
080 _a343.14
020 _a966-8426-01-0
260 _aКиев
_bСеменко Сергый
_c2003
044 _aRU
650 7 _2UDC
999 _c316615
_d316615